000
00326nam a2200133Ia 4500
005
20251222143135.0
008
251222s9999||||xx |||||||||||||| ||spa||
020
_a
84-404-2899-5
082
_a
260.8/C17
100
_a
Calvo Otero, J.
245
0
_a
Espiritualidad y Presbiterio
264
_b
Ateneo de TeologĂa
942
_c
LIB
999
_c
12081
_d
12081